000 00920nam a2200217 a 4500
001 86476
003 BD-RjUL
005 20260514111355.0
008 260514s2025 bg ||||| |||| 00| 0 ben d
035 _a(BD-RjUL)86476
040 _aBD-RjUL
_beng
_cBD-RjUL
041 _aben
082 _223
_a371.81095492
_bBEB 2025
100 _aবেগম, মোছা. সুমি
_918471
245 _aব্যাথা যখন কথা বলে স্মৃতির পাতায় /
_cমোছা. সুমি বেগম
260 _aঢাকা :
_bঅপরাজিতা প্রকাশনী,
_c২০২৫
300 _a১১২ পৃ. :
_bচিত্রসমূহ;
_c২২ সেমি.
650 _aছাত্র আন্দোলন
_yজুলাই, ২০২৪
_zবাংলাদেশ
_918472
650 _aStudent movements
_yJuly, 2024
_zBangladesh
_918473
942 _2ddc
_cBK
999 _c86476
_d86476